[Event "13. Bayer Open"]
[Site "Leverkusen"]
[Date "2015.01.26"]
[Round "2.3"]
[White "Scharff, Klaus"]
[Black "Khanukov, Boris"]
[Result "0-1"]
[WhiteElo "1857"]
[BlackElo "2200"]
[PlyCount "112"]
[EventDate "2015.??.??"]
[WhiteTeam "SV Opladen"]
[BlackTeam "Bahn-SC Wuppertal"]

1. d3 d5 2. e3 c5 3. Nd2 Nc6 4. a3 e5 5. Ne2 f5 6. g3 Nf6 7. Bg2 Be7 8. O-O O-O
9. c3 a5 10. d4 cxd4 11. exd4 e4 12. Re1 Kh8 13. c4 dxc4 14. Nxc4 Be6 15. Ne3
a4 16. Nc2 Bb3 17. Be3 Nd5 18. Nc3 Bf6 19. Qd2 Rc8 20. Nxd5 Qxd5 21. Nb4 Nxb4
22. Qxb4 Rfd8 23. Rac1 h6 24. Rxc8 Rxc8 25. g4 fxg4 26. Bf4 Re8 27. Be5 Bxe5
28. dxe5 Bc2 29. Rc1 Rxe5 30. Bf1 Bd3 31. Rd1 Rf5 32. Qxa4 Qc5 33. Rd2 b5 34.
Qd1 Rf3 35. Bg2 Rf4 36. Qe1 h5 37. Rd1 h4 38. b4 Qd4 39. Qd2 g5 40. Qe3 Qxe3
41. fxe3 Rf7 42. h3 gxh3 43. Bxh3 Rf3 44. Be6 Rxe3 45. Rc1 Kg7 46. Rc5 Kf6 47.
Bd7 Rg3+ 48. Kh2 e3 49. Rc1 e2 50. Bc6 Bc4 51. a4 Re3 52. Re1 bxa4 53. Kg2 a3
54. b5 Rb3 55. Kf2 a2 56. Be4 Rxb5 0-1

[Event "13. Bayer Open"]
[Site "Leverkusen"]
[Date "2015.01.26"]
[Round "2.4"]
[White "Balduan, Markus"]
[Black "Grah, Ulrich"]
[Result "1/2-1/2"]
[WhiteElo "2231"]
[BlackElo "1816"]
[PlyCount "95"]
[EventDate "2015.??.??"]
[WhiteTeam "TV Witzhelden"]
[BlackTeam "SG Solingen"]

1. Nf3 Nf6 2. c4 g6 3. Nc3 Bg7 4. e4 d6 5. d4 O-O 6. Be3 Nbd7 7. Nd2 c5 8. d5
Ne5 9. h3 a6 10. a4 Ne8 11. Be2 e6 12. O-O exd5 13. cxd5 f5 14. f4 Nf7 15. Qb3
b6 16. Nc4 fxe4 17. Nxe4 Rb8 18. Nc3 Nh6 19. Bd3 Bd7 20. Qd1 b5 21. axb5 axb5
22. Na5 b4 23. Ne4 Nf5 24. Bf2 Bxb2 25. Ra2 Bg7 26. Bc4 Nd4 27. Bxd4 Bxd4+ 28.
Kh1 Qh4 29. Nc6 Bxc6 30. dxc6+ Kh8 31. Rd2 h6 32. Rxd4 cxd4 33. Qxd4+ Kh7 34.
Ra1 Rc8 35. Ra7+ Rc7 36. Qb6 Qe1+ 37. Kh2 Rff7 38. Bxf7 Qxe4 39. Rxc7 Qxf4+ 40.
Kg1 Qc1+ 41. Kh2 Qf4+ 42. Kg1 Qc1+ 43. Kf2 Qd2+ 44. Kg3 Qe1+ 45. Kf3 Qf1+ 46.
Kg3 Qe1+ 47. Kh2 Qe5+ 48. Kg1 1/2-1/2

[Event "13. Bayer Open"]
[Site "Leverkusen"]
[Date "2015.01.26"]
[Round "2.5"]
[White "Pützkaul, Karl"]
[Black "Auer, Martin"]
[Result "0-1"]
[WhiteElo "1737"]
[BlackElo "2134"]
[PlyCount "156"]
[EventDate "2015.??.??"]
[WhiteTeam "SC Bayer Leverkusen"]
[BlackTeam "SG Solingen"]

1. d4 Nf6 2. c4 c5 3. d5 e6 4. Nc3 exd5 5. cxd5 d6 6. e4 g6 7. Bd3 Bg7 8. Nge2
O-O 9. O-O Ng4 10. h3 Ne5 11. Bc2 Na6 12. f4 Nc4 13. Bd3 Nb6 14. a3 f5 15. exf5
Bxf5 16. Bxf5 gxf5 17. Qd3 Qf6 18. Bd2 Nc7 19. Rad1 Rfe8 20. Kh2 Kh8 21. Rfe1
Qf7 22. Bc1 Rad8 23. Ng3 Rf8 24. Qf3 Bd4 25. Nge2 Bf6 26. a4 Rd7 27. a5 Nc8 28.
Be3 Rg8 29. g3 h5 30. Ra1 Re8 31. Bf2 b5 32. axb6 Nxb6 33. Rec1 Rg8 34. Rg1 Qg6
35. h4 Re8 36. Rge1 Rde7 37. Ng1 Rxe1 38. Rxe1 Rxe1 39. Bxe1 Qf7 40. Nh3 Kg7
41. Ng5 Bxg5 42. hxg5 Nbxd5 43. Qd3 Qe6 44. Bd2 Ne7 45. Be3 Kg6 46. Bf2 Ned5
47. Nxd5 Nxd5 48. Qa6 h4 49. Qc4 hxg3+ 50. Bxg3 Nc7 51. Qf1 Qe4 52. Qh3 Qe2+
53. Kg1 Qd1+ 54. Kf2 Qd4+ 55. Kf1 Qg7 56. Bf2 Ne6 57. Qd3 Qe7 58. Be3 Nc7 59.
Bf2 Qe6 60. b3 Qd5 61. Qh3 Qd1+ 62. Kg2 Qg4+ 63. Qxg4 fxg4 64. Kg3 Kf5 65. Be1
Ne6 66. Bd2 d5 67. Bc1 Nd4 68. g6 Kxg6 69. Kxg4 Nxb3 70. f5+ Kf7 71. Bb2 d4 72.
Kf4 c4 73. Ke4 c3 74. Bxc3 dxc3 75. Kd3 Nd4 76. Kxc3 Nxf5 77. Kb4 Nd6 78. Ka5
Nc8 0-1

[Event "13. Bayer Open"]
[Site "Leverkusen"]
[Date "2015.01.26"]
[Round "2.6"]
[White "Negele, Michael"]
[Black "Kuhn, Andreas"]
[Result "1-0"]
[WhiteElo "2117"]
[BlackElo "1904"]
[PlyCount "59"]
[EventDate "2015.??.??"]
[WhiteTeam "SC Bayer Leverkusen"]
[BlackTeam "SG Niederkassel"]

1. d4 d6 2. Nc3 Nf6 3. Nf3 Nbd7 4. e4 e5 5. Bc4 Be7 6. O-O O-O 7. a4 c6 8. Bb3
exd4 9. Qxd4 Nc5 10. Ba2 Bg4 11. Nd2 Qc7 12. Nc4 Ne6 13. Qd3 Nc5 14. Qg3 Rfd8
15. Be3 Ne6 16. f4 Bh5 17. f5 Nf8 18. Bf4 Qd7 19. Ne3 b5 20. axb5 cxb5 21. Qh3
b4 22. Ncd5 Be2 23. Rf2 Bb5 24. Nxe7+ Qxe7 25. Bg5 Bc6 26. Bd5 Rac8 27. Bxc6
Rxc6 28. Nd5 Qxe4 29. Bxf6 Qxd5 30. Bxd8 1-0

[Event "13. Bayer Open"]
[Site "Leverkusen"]
[Date "2015.01.26"]
[Round "2.7"]
[White "Friedsam, Manfred"]
[Black "Pauly, Carlo"]
[Result "0-1"]
[WhiteElo "1754"]
[BlackElo "2242"]
[PlyCount "40"]
[EventDate "2015.??.??"]
[WhiteTeam "Königsspringer Leverkusen"]
[BlackTeam "SG Porz"]

1. e4 c5 2. Nc3 a6 3. g3 b5 4. Bg2 Bb7 5. d3 e6 6. f4 d5 7. e5 h5 8. h3 Ne7 9.
Nf3 Nf5 10. Ne2 Nc6 11. O-O d4 12. Ng5 Qc7 13. a3 Nce7 14. c4 dxc3 15. bxc3
Bxg2 16. Kxg2 Nd5 17. Kf2 Qc6 18. c4 Nb6 19. Qc2 Rd8 20. Be3 Qg2+ 0-1

[Event "13. Bayer Open"]
[Site "Leverkusen"]
[Date "2015.01.26"]
[Round "2.8"]
[White "Krüger, Andre"]
[Black "Gutt, Stefan"]
[Result "1-0"]
[WhiteElo "2062"]
[BlackElo "1808"]
[PlyCount "61"]
[EventDate "2015.??.??"]
[WhiteTeam "SV Mülheim-Nord"]
[BlackTeam "Bergische SF"]

1. b3 d5 2. Bb2 c5 3. e3 Nc6 4. Bb5 Qb6 5. Qe2 a6 6. Bxc6+ Qxc6 7. Nf3 Bg4 8.
h3 Bxf3 9. Qxf3 Nf6 10. c4 Rc8 11. Bxf6 Qxf6 12. Qxf6 gxf6 13. cxd5 f5 14. Nc3
Bg7 15. Rc1 c4 16. Ne2 b5 17. bxc4 bxc4 18. d3 c3 19. d4 c2 20. Kd2 Kd7 21.
Rxc2 Rxc2+ 22. Kxc2 Kd6 23. Nc3 f4 24. Rb1 fxe3 25. fxe3 Rc8 26. Rb6+ Kd7 27.
Rxa6 Bf6 28. Ra7+ Kd8 29. Kd3 Bg5 30. Ne4 Bh6 31. d6 1-0

[Event "13. Bayer Open"]
[Site "Leverkusen"]
[Date "2015.01.26"]
[Round "2.9"]
[White "Jiritschka, Wolfgang"]
[Black "Werbeck, Torsten"]
[Result "0-1"]
[WhiteElo "1847"]
[BlackElo "2098"]
[PlyCount "116"]
[EventDate "2015.??.??"]
[WhiteTeam "SC Bayer Leverkusen"]
[BlackTeam "Bahn-SC Wuppertal"]

1. c4 Nf6 2. Nc3 c5 3. g3 g6 4. Bg2 Bg7 5. Nf3 O-O 6. O-O Nc6 7. d4 cxd4 8.
Nxd4 Nxd4 9. Qxd4 d6 10. e4 Be6 11. Qd3 Rc8 12. b3 b5 13. Nxb5 Nxe4 14. Bxe4
Bxa1 15. Nxa7 Ra8 16. Be3 Bg7 17. Bxa8 Qxa8 18. f3 Rb8 19. a4 d5 20. Nb5 dxc4
21. bxc4 Qxa4 22. Rc1 Bb2 23. Qc2 Qb4 24. Rb1 Bxc4 25. Qxb2 Qxb2 26. Rxb2 Bxb5
27. Kf2 f6 28. Bc5 Kf7 29. f4 Rb7 30. Ke3 h5 31. Rb4 Ke6 32. Re4+ Kf7 33. Rb4
e5 34. Bd6 Ke6 35. Bf8 Rf7 36. Bc5 Bc6 37. fxe5 fxe5 38. Rb8 Rf3+ 39. Ke2 Rc3
40. Be3 Rc2+ 41. Bd2 Kf5 42. h3 Bg2 43. Rf8+ Ke4 44. h4 Bf3+ 45. Ke1 Bg4 46.
Rf6 Bf5 47. Ke2 Ra2 48. Rd6 Bg4+ 49. Kf2 Bc8 50. Ke1 Kf3 51. Rf6+ Bf5 52. Bg5
e4 53. Rc6 Ra1+ 54. Rc1 Ra3 55. Bf4 Bh3 56. Be5 e3 57. Bf4 Ra2 58. Rb1 Rh2 0-1

[Event "13. Bayer Open"]
[Site "Leverkusen"]
[Date "2015.01.26"]
[Round "2.10"]
[White "Ljuboschiz, Alexander"]
[Black "Eigemann, Julian"]
[Result "0-1"]
[WhiteElo "2031"]
[BlackElo "1977"]
[PlyCount "79"]
[EventDate "2015.??.??"]
[WhiteTeam "SV Würselen"]
[BlackTeam "SG Porz"]

1. e4 c5 2. Nf3 d6 3. d4 cxd4 4. Nxd4 Nf6 5. Nc3 a6 6. Be2 e6 7. Be3 Be7 8. f4
Qc7 9. O-O b5 10. Bf3 Bb7 11. e5 dxe5 12. Bxb7 Qxb7 13. fxe5 Nfd7 14. Qg4 g6
15. Rxf7 Kxf7 16. Qxe6+ Ke8 17. Nd5 Nc5 18. Nf6+ Kd8 19. Qf7 Kc8 20. b4 Rf8 21.
Qg7 Ne4 22. Nxh7 Bxb4 23. Qxg6 Rd8 24. Qf5+ Rd7 25. e6 Re7 26. Qf8+ Kc7 27.
Bf4+ Kb6 28. Qd8+ Ka7 29. Be3 Bc5 30. a4 b4 31. Nf6 Rg7 32. Nxe4 {
Weiß war bereits erheblich in Zeitnot.} Qxe4 33. Nb5+ Kb7 34. Nd6+ Bxd6 35.
Qb6+ Kc8 36. g3 Bxg3 37. hxg3 Rxg3+ 38. Kf1 Qxe3 39. Qxe3 Rxe3 40. Rd1 0-1

[Event "13. Bayer Open"]
[Site "Leverkusen"]
[Date "2015.01.26"]
[Round "2.12"]
[White "Maczkowiak, Thomas"]
[Black "Peschel, Andreas"]
[Result "0-1"]
[WhiteElo "1804"]
[BlackElo "2101"]
[PlyCount "84"]
[EventDate "2015.??.??"]
[WhiteTeam "MS Halver-Schalksmühle"]
[BlackTeam "SG Solingen"]

1. Nf3 Nf6 2. g3 e6 3. Bg2 d5 4. c4 dxc4 5. Qa4+ c6 6. Qxc4 b5 7. Qc2 Bb7 8. d4
Nbd7 9. Ne5 Nxe5 10. dxe5 Nd7 11. O-O Qb6 12. Be3 c5 13. f4 Bxg2 14. Kxg2 Qb7+
15. Kg1 Be7 16. Nd2 O-O 17. Ne4 Rfc8 18. Rad1 Rc6 19. Nd6 Bxd6 20. Rxd6 Rxd6
21. exd6 Rc8 22. Rd1 Qc6 23. Bf2 f5 24. Qc3 Kf7 25. Qd3 Nf6 26. d7 Rd8 27. Qc3
Ne4 28. Qe5 Rxd7 29. Rd3 a6 30. h4 Rd5 31. Qb8 c4 32. Rxd5 Qxd5 33. Qa7+ Kg6
34. Bd4 e5 35. fxe5 Nxg3 36. Kf2 Ne4+ 37. Ke3 Qe6 38. Kf4 Kh6 39. Kf3 Qc6 40.
Kf4 Qg6 41. e6 Qg3+ 42. Kxf5 Nd6# 0-1

[Event "13. Bayer Open"]
[Site "Leverkusen"]
[Date "2015.01.26"]
[Round "2.13"]
[White "Schulte-Lentz, Christian"]
[Black "Schlenter, Rüdiger"]
[Result "1-0"]
[WhiteElo "1995"]
[BlackElo "1872"]
[PlyCount "53"]
[EventDate "2015.??.??"]
[WhiteTeam "Langenfelder SF"]
[BlackTeam "SV Mülheim-Nord"]

1. e4 c5 2. Nf3 Nc6 3. c3 d5 4. exd5 Qxd5 5. d4 Bf5 6. Be3 Nf6 7. Qa4 cxd4 8.
cxd4 Qa5+ 9. Qxa5 Nxa5 10. Ne5 Nd7 11. Nd2 f6 12. Nxd7 Bxd7 13. d5 b6 14. Be2
e5 15. dxe6 Bxe6 16. O-O Bd6 17. b3 Kf7 18. Rac1 Bd5 19. Rfd1 Rhd8 20. Nf3 Ba3
21. Rc2 Be7 22. Rc7 Kf8 23. Nd4 Bd6 24. Rc2 Nb7 25. Nb5 Bc5 26. Bxc5+ Nxc5 27.
Nc7 1-0

[Event "13. Bayer Open"]
[Site "Leverkusen"]
[Date "2015.01.26"]
[Round "2.14"]
[White "Mentzel, Markus"]
[Black "Kies, Werner"]
[Result "1/2-1/2"]
[WhiteElo "1799"]
[BlackElo "1837"]
[PlyCount "42"]
[EventDate "2015.??.??"]
[WhiteTeam "SG Solingen"]
[BlackTeam "SC Bayer Leverkusen"]

1. d4 g6 2. c4 Bg7 3. Nc3 d6 4. e4 Nc6 5. d5 Ne5 6. Be2 f5 7. exf5 Bxf5 8. Nf3
Nxf3+ 9. Bxf3 Nf6 10. Be3 O-O 11. O-O b6 12. Bd4 a6 13. Re1 Qd7 14. Ne4 Nxe4
15. Bxe4 Bxd4 16. Qxd4 Rae8 17. f3 h5 18. Re2 Bxe4 19. Rxe4 Rf6 20. Rae1 e5 21.
dxe6 Rexe6 1/2-1/2

[Event "13. Bayer Open"]
[Site "Leverkusen"]
[Date "2015.01.26"]
[Round "2.16"]
[White "Schwark, Mario"]
[Black "Weiser, Hans-Josef"]
[Result "1-0"]
[WhiteElo "1816"]
[BlackElo "2010"]
[PlyCount "81"]
[EventDate "2015.??.??"]
[WhiteTeam "SG Kalker/Deutzer"]
[BlackTeam "Bergische SF"]

1. d4 Nf6 2. Nf3 e6 3. c4 d5 4. Nc3 c6 5. e3 Nbd7 6. Bd3 Be7 7. O-O O-O 8. Re1
b6 9. e4 dxe4 10. Nxe4 Bb7 11. Bf4 Nxe4 12. Bxe4 Nf6 13. Bc2 c5 14. Qd3 Bxf3
15. Qxf3 Qxd4 16. Rad1 Qxc4 17. Bd3 Qxa2 18. b3 Nd5 19. Re2 Qa3 20. Bc1 Qb4 21.
Re4 Qc3 22. Rg4 Bf6 23. Bd2 Qe5 24. Re1 Qb2 25. Bh6 Rfd8 26. Qe4 g6 27. h4 Bg7
28. Bc1 Qd4 29. Qf3 Qc3 30. Qe2 Nb4 31. Be4 Rac8 32. h5 Nd3 33. Bd2 Qxb3 34.
Rg3 c4 35. hxg6 hxg6 36. Bxg6 Re8 37. Bxf7+ Kxf7 38. Qh5+ Kg8 39. Rxg7+ Kxg7
40. Bh6+ Kh7 41. Bg5+ 1-0

[Event "13. Bayer Open"]
[Site "Leverkusen"]
[Date "2015.01.26"]
[Round "2.17"]
[White "Juziak, Peter"]
[Black "van Kempen, Heinz"]
[Result "1-0"]
[WhiteElo "1995"]
[BlackElo "1724"]
[PlyCount "43"]
[EventDate "2015.??.??"]
[WhiteTeam "Düsseldorfer SV"]
[BlackTeam "SV Opladen"]

1. e4 e6 2. d4 d5 3. Nd2 Nf6 4. e5 Nfd7 5. Bd3 c5 6. c3 Nc6 7. Ndf3 cxd4 8.
cxd4 Bb4+ 9. Kf1 Be7 10. h4 f6 11. Bf4 f5 12. a3 h6 13. Rc1 Nf8 14. Ne2 Nh7 15.
Qd2 Qa5 16. Rc3 Bd7 17. Rg1 Kd8 18. g4 Rg8 19. gxf5 exf5 20. Bxh6 Bf8 21. Nf4
Ne7 22. Rc8+ 1-0

[Event "13. Bayer Open"]
[Site "Leverkusen"]
[Date "2015.01.26"]
[Round "2.19"]
[White "Bub, Volker"]
[Black "Ziabari, Morteza"]
[Result "1/2-1/2"]
[WhiteElo "2029"]
[BlackElo "1792"]
[PlyCount "68"]
[EventDate "2015.??.??"]
[WhiteTeam "SC Tornado Hochneukirch"]
[BlackTeam "Kettwiger SG"]

1. e4 d6 2. d4 Nf6 3. Nc3 c6 4. f4 Qa5 5. Bd3 e5 6. Nf3 Bg4 7. dxe5 dxe5 8.
fxe5 Bxf3 9. Qxf3 Qxe5 10. Bf4 Qh5 11. Qg3 Nbd7 12. e5 Nd5 13. Nxd5 cxd5 14.
O-O Bc5+ 15. Kh1 O-O 16. Rae1 Be7 17. Be2 Qg6 18. Qh3 Nc5 19. Bg4 Qb6 20. Bc1
Ne6 21. Rf5 g6 22. Qh6 Qb4 23. Ref1 Qxg4 24. R5f3 Ng5 25. h3 Qh5 26. Qxh5 gxh5
27. Bxg5 Bxg5 28. Rg3 h6 29. h4 Rae8 30. Rf5 Re6 31. hxg5 Rg6 32. Kh2 h4 33.
Rg4 Rc8 34. c3 Rc5 1/2-1/2

[Event "13. Bayer Open"]
[Site "Leverkusen"]
[Date "2015.01.26"]
[Round "2.20"]
[White "Vranidis, Athanassios"]
[Black "Wille, Thomas"]
[Result "1/2-1/2"]
[WhiteElo "1820"]
[BlackElo "1973"]
[PlyCount "91"]
[EventDate "2015.??.??"]
[WhiteTeam "SG Solingen"]
[BlackTeam "Krefelder SK Turm"]

1. d4 e6 2. c4 Nf6 3. Nc3 d5 4. cxd5 exd5 5. Bg5 c6 6. e3 h6 7. Bh4 Be7 8. Bd3
O-O 9. Qc2 Re8 10. Nf3 Nbd7 11. O-O Nf8 12. Rab1 a5 13. a3 Ne4 14. Bxe7 Qxe7
15. Bxe4 dxe4 16. Nd2 f5 17. b4 axb4 18. axb4 Be6 19. Rfc1 b5 20. Qb2 Nd7 21.
Ra1 Nb6 22. Ra5 Nd5 23. Nxd5 Bxd5 24. Rca1 Rac8 25. Qc3 Rc7 26. Nb3 f4 27. Nc5
f3 28. g3 Qf7 29. Kh1 Qf5 30. Qe1 Kh7 31. Qg1 Qg4 32. Ra7 Ree7 33. Rxc7 Rxc7
34. h4 Rf7 35. Qh2 Bc4 36. Qg1 Re7 37. Qh2 g6 38. Qg1 Kg7 39. Ra6 Qc8 40. Kh2
g5 41. Qa1 Bd5 42. Ra7 Qe8 43. Rxe7+ Qxe7 44. hxg5 hxg5 45. Qa8 Kg6 46. Qh8
1/2-1/2

[Event "13. Bayer Open"]
[Site "Leverkusen"]
[Date "2015.01.26"]
[Round "2.21"]
[White "Eigemann, Frederik"]
[Black "Wrzesniak, Marek"]
[Result "1/2-1/2"]
[WhiteElo "1949"]
[BlackElo "1867"]
[PlyCount "52"]
[EventDate "2015.??.??"]
[WhiteTeam "SG Porz"]
[BlackTeam "BSW Opladen"]

1. d4 d5 2. c4 e6 3. Nc3 c6 4. e4 dxe4 5. Nxe4 Bb4+ 6. Bd2 Qxd4 7. Bxb4 Qxe4+
8. Be2 Nd7 9. Qd6 Qe5 10. Qxe5 Nxe5 11. Bc3 f6 12. Bxe5 fxe5 13. Nf3 e4 14. Ne5
Nf6 15. Rd1 c5 16. O-O Nd7 17. Nxd7 Bxd7 18. Rfe1 Ke7 19. Bf1 Bc6 20. g3 Rad8
21. Bg2 Rxd1 22. Rxd1 Rd8 23. Rxd8 Kxd8 24. Kf1 Ke7 25. Ke2 Kd6 26. Ke3 Ke5
1/2-1/2

[Event "13. Bayer Open"]
[Site "Leverkusen"]
[Date "2015.01.26"]
[Round "2.22"]
[White "Boschek, Hans-Joachim"]
[Black "Bosbach, Jens"]
[Result "1/2-1/2"]
[WhiteElo "1838"]
[BlackElo "1806"]
[PlyCount "34"]
[EventDate "2015.??.??"]
[WhiteTeam "SG Solingen"]
[BlackTeam "Langenfelder SF"]

1. c4 b6 2. Nc3 c5 3. e4 Bb7 4. Nf3 Nc6 5. g3 e5 6. Bg2 Nf6 7. d3 d6 8. a3 Be7
9. Rb1 O-O 10. O-O a6 11. b4 Qc7 12. bxc5 bxc5 13. Bg5 Nd4 14. Bxf6 Nxf3+ 15.
Bxf3 Bxf6 16. Nd5 Bxd5 17. cxd5 Rfb8 1/2-1/2

[Event "13. Bayer Open"]
[Site "Leverkusen"]
[Date "2015.01.26"]
[Round "2.23"]
[White "Wirtz, Uwe"]
[Black "Rahmen, Christian"]
[Result "1-0"]
[WhiteElo "1825"]
[BlackElo "1803"]
[PlyCount "143"]
[EventDate "2015.??.??"]
[WhiteTeam "Königsspringer Leverkusen"]
[BlackTeam "SG Porz"]

1. e4 c5 2. c3 Qa5 3. Nf3 Nc6 4. Be2 g6 5. O-O Bg7 6. d3 d6 7. Nbd2 Nf6 8. Nc4
Qc7 9. Ne3 e6 10. Qc2 Ne7 11. Bd2 O-O 12. Rac1 Bd7 13. h3 Rac8 14. Rfe1 b5 15.
b3 Bc6 16. Nh2 d5 17. exd5 Nexd5 18. Nxd5 Nxd5 19. Bf3 Qd6 20. Ng4 b4 21. cxb4
cxb4 22. Qc5 Qd7 23. Bxd5 Bxd5 24. Qxb4 Ba8 25. Nh6+ Kh8 26. Be3 Rxc1 27. Rxc1
Re8 28. Qc4 Qb7 29. f3 Qe7 30. Qc7 Qf6 31. Qxf7 Qxf7 32. Nxf7+ Kg8 33. Nd6 Rd8
34. Rc8 Rxc8 35. Nxc8 a6 36. Nd6 Bf8 37. Ne4 Kg7 38. Kf2 Be7 39. Ke2 Kf7 40. d4
Bc6 41. Nc3 Bb4 42. Ne4 Bb5+ 43. Kf2 Ke7 44. Bg5+ Kf7 45. g3 Bd3 46. Bc1 Ke7
47. a3 Ba5 48. Nc5 Bc2 49. b4 Bb6 50. Ke3 Kd6 51. Nxa6 e5 52. Nc5 exd4+ 53.
Kxd4 Bd1 54. f4 h5 55. Ke4 Be2 56. Kd4 Bd1 57. Be3 Be2 58. a4 Ba7 59. Bf2 Bf1
60. h4 Bh3 61. Ke4 Bc8 62. Kd4 Bh3 63. Kc3 Bxc5 64. Bxc5+ Kd5 65. Bf2 Bc8 66.
b5 Kd6 67. Kb4 Kc7 68. a5 Kb7 69. a6+ Ka8 70. Ka5 Bd7 71. Bd4 Be6 72. b6 1-0

[Event "13. Bayer Open"]
[Site "Leverkusen"]
[Date "2015.01.26"]
[Round "2.25"]
[White "Schülke, Tilman"]
[Black "Kronseder, Michael"]
[Result "0-1"]
[WhiteElo "1923"]
[BlackElo "1526"]
[PlyCount "80"]
[EventDate "2015.??.??"]
[WhiteTeam "Düsseldorfer SV"]
[BlackTeam "SV Hürth-Berrenrath"]

1. Nf3 c5 2. b3 g6 3. Bb2 Nf6 4. e3 Bg7 5. c4 O-O 6. Be2 Nc6 7. h3 b6 8. g4 Bb7
9. Rg1 Qc7 10. g5 Ne8 11. Nc3 Qc8 12. Nh2 f5 13. a3 f4 14. Ng4 f3 15. Bf1 Nd6
16. Qc2 Nf5 17. Nd5 Bxb2 18. Qxb2 d6 19. Bd3 e5 20. Bxf5 gxf5 21. Ngf6+ Kg7 22.
O-O-O Qd8 23. Rg3 Ne7 24. Qc2 Bxd5 25. cxd5 c4 26. b4 c3 27. d3 a5 28. b5 a4
29. e4 Ra5 30. Rxf3 Rxb5 31. exf5 Qc7 32. d4 exd4 33. Rxd4 Rc8 34. Ne8+ Rxe8
35. f6+ Kh8 36. Rh4 Nxd5 37. Rd3 Ne3 38. Rxe3 Rxe3 39. Rxh7+ Qxh7 40. Qxh7+
Kxh7 0-1

[Event "13. Bayer Open"]
[Site "Leverkusen"]
[Date "2015.01.26"]
[Round "2.26"]
[White "Hennig, Edgar"]
[Black "Birnkott, Manfred"]
[Result "1/2-1/2"]
[WhiteElo "1901"]
[BlackElo "1888"]
[PlyCount "36"]
[EventDate "2015.??.??"]
[WhiteTeam "Satranç Club"]
[BlackTeam "SC Bayer Leverkusen"]

1. e4 c5 2. c3 g6 3. d4 cxd4 4. cxd4 Bg7 5. Nc3 b6 6. Be3 Bb7 7. Rc1 Nf6 8. Bd3
O-O 9. f3 d6 10. Nge2 a6 11. O-O Nbd7 12. Qd2 b5 13. Rc2 Rc8 14. Rfc1 Nb6 15.
b3 Nfd7 16. Nd1 Rxc2 17. Qxc2 Qc8 18. Qxc8 Rxc8 1/2-1/2

[Event "13. Bayer Open"]
[Site "Leverkusen"]
[Date "2015.01.26"]
[Round "2.27"]
[White "Schimpf, Rolf"]
[Black "Ipekyilmaz, Tayfun"]
[Result "1/2-1/2"]
[WhiteElo "1710"]
[BlackElo "1587"]
[PlyCount "79"]
[EventDate "2015.??.??"]
[WhiteTeam "SC Bayer Leverkusen"]
[BlackTeam "Langenfelder SF"]

1. f4 e5 2. fxe5 d6 3. exd6 Bxd6 4. Nf3 g5 5. g3 g4 6. Nh4 Be6 7. d4 Nf6 8. Bg5
h6 9. Bxf6 Qxf6 10. e4 Qg5 11. Qd2 Qe7 12. Bd3 c6 13. Nc3 Nd7 14. O-O-O Nb6 15.
Qe2 O-O-O 16. Rhf1 Qg5+ 17. Kb1 Qa5 18. d5 cxd5 19. exd5 Nxd5 20. Nxd5 Qxd5 21.
b3 Qe5 22. Qxe5 Bxe5 23. Nf5 Bc3 24. Rf4 h5 25. Rdf1 Bd2 26. Ra4 Kb8 27. Kb2
Bd5 28. Be4 Bxe4 29. Rxe4 Rd7 30. Rf2 Rc8 31. c4 Bb4 32. a3 Bc5 33. Rfe2 Rcd8
34. b4 Bg1 35. Re8 Rd2+ 36. Kc3 Rxe2 37. Rxe2 Rd7 38. c5 Kc7 39. Nd6 b6 40. Ne4
1/2-1/2

[Event "13. Bayer Open"]
[Site "Leverkusen"]
[Date "2015.01.26"]
[Round "2.28"]
[White "Gülden, Ralf"]
[Black "Kamphausen, Johannes-Dieter"]
[Result "0-1"]
[WhiteElo "1503"]
[BlackElo "1722"]
[PlyCount "64"]
[EventDate "2015.??.??"]
[WhiteTeam "Königsspringer Leverkusen"]
[BlackTeam "SV Springer Hitdorf"]

1. d4 Nf6 2. c4 e6 3. Nc3 Bb4 4. Bg5 d5 5. e3 Bxc3+ 6. bxc3 Nbd7 7. Nf3 O-O 8.
Bxf6 Nxf6 9. Bd3 c5 10. O-O Qc7 11. cxd5 exd5 12. Qc2 h6 13. Bf5 b6 14. Bxc8
Raxc8 15. Rac1 cxd4 16. exd4 Qd6 17. Qa4 Rc7 18. c4 Rfc8 19. Rc2 dxc4 20. Rfc1
Qd5 21. Qb4 b5 22. a4 a6 23. Qa5 Ne4 24. Qxa6 b4 25. Qb5 Qxb5 26. axb5 Nd6 27.
b6 Rb7 28. Nd2 c3 29. Nb3 Rxb6 30. Kf1 Nb5 31. Ke2 Rd8 32. Kd3 Rbd6 0-1

[Event "13. Bayer Open"]
[Site "Leverkusen"]
[Date "2015.01.26"]
[Round "2.29"]
[White "Seelig, Jochen"]
[Black "Axmann, Michael"]
[Result "1/2-1/2"]
[WhiteElo "1307"]
[BlackElo "1798"]
[PlyCount "49"]
[EventDate "2015.??.??"]
[WhiteTeam "SF Schlebusch"]
[BlackTeam "SC Bayer Leverkusen"]

1. Nf3 Nf6 2. b3 g6 3. Bb2 Bg7 4. g3 O-O 5. Bg2 d5 6. O-O Nc6 7. e3 Re8 8. d4
Bf5 9. Nbd2 Qc8 10. a3 Bh3 11. Ra2 Bxg2 12. Kxg2 Ne4 13. Qa1 Qf5 14. c4 e6 15.
Bc3 Rad8 16. c5 g5 17. Nxe4 dxe4 18. Nd2 Qg6 19. Rh1 Ne7 20. h4 g4 21. b4 Nd5
22. Bb2 h5 23. Qb1 f5 24. Qa1 Re7 25. Nc4 1/2-1/2

[Event "13. Bayer Open"]
[Site "Leverkusen"]
[Date "2015.01.26"]
[Round "2.30"]
[White "Milz, Ulrich"]
[Black "Asadzade, Idris"]
[Result "1/2-1/2"]
[WhiteElo "1554"]
[BlackElo "1525"]
[PlyCount "33"]
[EventDate "2015.??.??"]
[WhiteTeam "SC Bayer Leverkusen"]
[BlackTeam "SG Porz"]

1. e4 e6 2. a3 d5 3. e5 c5 4. c3 Nc6 5. Nf3 Qc7 6. d4 cxd4 7. cxd4 Nge7 8. Nc3
Nf5 9. Be2 Qb6 10. Bb5 a6 11. Bxc6+ bxc6 12. O-O c5 13. Na4 Qb5 14. Nxc5 Bxc5
15. dxc5 Qxc5 16. g4 Ne7 17. b4 1/2-1/2

[Event "13. Bayer Open"]
[Site "Leverkusen"]
[Date "2015.01.26"]
[Round "2.31"]
[White "Goerke, Joachim"]
[Black "Prößdorf, Lennard"]
[Result "1-0"]
[WhiteElo "2065"]
[BlackElo "1425"]
[PlyCount "55"]
[EventDate "2015.??.??"]
[WhiteTeam "SG Solingen"]
[BlackTeam "SC Bayer Leverkusen"]

1. d4 Nf6 2. Nf3 g6 3. c4 Bg7 4. Nc3 d6 5. e4 O-O 6. h3 e5 7. dxe5 dxe5 8. Qxd8
Rxd8 9. Bg5 Re8 10. O-O-O c6 11. Bd3 Na6 12. Bc2 Nh5 13. g4 Nf4 14. Bxf4 exf4
15. Nd4 c5 16. Ndb5 Bxc3 17. Nxc3 Be6 18. Ba4 Red8 19. Nd5 Kg7 20. a3 Rac8 21.
Kc2 g5 22. f3 f6 23. Kc3 Kf7 24. h4 Kg7 25. hxg5 fxg5 26. e5 Nc7 27. Nxc7 Rxd1
28. Nxe6+ 1-0

[Event "13. Bayer Open"]
[Site "Leverkusen"]
[Date "2015.01.26"]
[Round "2.32"]
[White "Lessing, Sebastian"]
[Black "Turp, Hüseyim"]
[Result "1-0"]
[WhiteElo "1657"]
[BlackElo "1582"]
[PlyCount "58"]
[EventDate "2015.??.??"]
[WhiteTeam "SC Bayer Leverkusen"]
[BlackTeam "Oberhausener SV"]

1. g3 d5 2. Bg2 Nf6 3. c4 d4 4. d3 Nc6 5. e4 e5 6. a3 a5 7. Ne2 Bc5 8. O-O O-O
9. Bg5 h6 10. Bxf6 Qxf6 11. f4 Qd8 12. Nd2 a4 13. Nf3 f6 14. f5 Bd7 15. g4 Be8
16. Ng3 g6 17. fxg6 Bxg6 18. Nh4 Qe8 19. Qd2 Kh7 20. Ngf5 Bxf5 21. Rxf5 Rf7 22.
Rh5 Bf8 23. Nf5 Kh8 24. Nxh6 Rh7 25. Rf1 Qg6 26. Nf5 Rxh5 27. gxh5 Qxh5 28. Rf3
Qg5 29. Rh3+ Kg8 1-0